00466nam a2200193 a 4500001001300000003000900013005001700022008004100039020001000080082001300090100001700103245003100120260003300151300000900184500003500193505001000228650001700238700001700255nice12345678IN_TiNIC20260116011412.0050524s1929 lona grp 000 0 eng  ac10000a232bAND aAndrews, H T aChrist of Apostolic Faith. aLondonbNisbet and Co.c1929 a165p aincludes index and biblioraphy2 aIndex aJesus Christ1 aAndrews, H T